000 00674nam a2200241 i 4500
001 C2-0275287
003 PPAK
005 20180728004122.0
008 061016s2004 nyua|||| ||||| | eng d
020 _a047164921X
040 _aPPAK
_beng
_cPPAK
_erda
082 0 4 _a332.6328
_223
090 0 0 _a332.6328
_bCRB
_dRLCK
245 0 4 _aThe CRB commodity yearbook 2004
264 1 _aNew York :
_bJohn Wiley and Son ,
_c2004.
300 _a322 pages :
_billustrations ;
_c29 cm
336 _2rdacontent
_atext
337 _2rdamedia
_aunmediated
338 _2rdacarrier
_avolume
650 1 0 _aCommodity future.
700 1 _aLown, Christopher J.,
_eeditor
942 _ddc
_cB
999 _c82972
_d82972